Franchises de NBA qualifiées pour les Play-In et Playoffs 2022-2023 - Statistiques

Statistiques générales
  • Ce quiz a été pris 681 fois
  • Le résultat moyen est 17 sur 20
Statistiques - réponses
Classement Conférence % Correct
7 (Play-In) Los Angeles Lakers
99%
2 (Playoffs) Boston Celtics
98%
1 (Playoffs) Denver Nuggets
97%
1 (Playoffs) Milwaukee Bucks
97%
6 (Playoffs) Golden State Warriors
95%
7 (Play-In) Miami Heat
95%
5 (Playoffs) Los Angeles Clippers
89%
4 (Playoffs) Phoenix Suns
88%
3 (Playoffs) Sacramento Kings
88%
6 (Playoffs) Brooklyn Nets
87%
5 (Playoffs) New York Knicks
87%
10 (Play-In) Chicago Bulls
84%
2 (Playoffs) Memphis Grizzlies
84%
3 (Playoffs) Philadelphia 76ers
83%
8 (Play-In) Atlanta Hawks
81%
4 (Playoffs) Cleveland Cavaliers
81%
8 (Play-In) Minnesota Timberwolves
80%
10 (Play-In) Oklahoma City Thunder
76%
9 (Play-In) Toronto Raptors
71%
9 (Play-In) New Orleans Pelicans
68%
Aucun quiz correspondant
Distribution des résultats
% des personnes avec chaque résultat
Percentile par nombre de réponses
Votre historique - résultats
Vous n’avez pas pris ce quiz